00628 a2200205 4500260001000000630009900010650002800109100001700137700002300154260001200177300001100189245007500200650003200275260000900307300001000316100000700326440006000333037001100393020001800404 aParis a65 - Gestion et organisation de lindustrie, du commerce, de la communication et des transports a6 - SCIENCES APPLIQUEES aGillot, Jean aLefèbvre, Daniel bBréal a335 p. aPrécis de comptabilité générale : cours et exercices résolus aComptabilité générale c1992 b24 cm lFr aEnseignement supérieur des techniques de l'entreprise aDE7237 a2-85394-584-7